<?xml version="1.0" encoding="UTF-8"?>
<record
    xmlns:xsi="http://www.w3.org/2001/XMLSchema-instance"
    xsi:schemaLocation="http://www.loc.gov/MARC21/slim http://www.loc.gov/standards/marcxml/schema/MARC21slim.xsd"
    xmlns="http://www.loc.gov/MARC21/slim">

  <leader>02530nam a22003017a 4500</leader>
  <datafield tag="952" ind1=" " ind2=" ">
    <subfield code="0">0</subfield>
    <subfield code="1">0</subfield>
    <subfield code="4">0</subfield>
    <subfield code="7">0</subfield>
    <subfield code="a">18</subfield>
    <subfield code="b">18</subfield>
    <subfield code="d">2016-10-22</subfield>
    <subfield code="l">1</subfield>
    <subfield code="o">HD30.213 J69</subfield>
    <subfield code="p">18 003878</subfield>
    <subfield code="r">2024-05-06</subfield>
    <subfield code="s">2018-03-16</subfield>
    <subfield code="t">1</subfield>
    <subfield code="w">2016-10-22</subfield>
    <subfield code="y">LB</subfield>
  </datafield>
  <datafield tag="952" ind1=" " ind2=" ">
    <subfield code="0">0</subfield>
    <subfield code="1">0</subfield>
    <subfield code="4">0</subfield>
    <subfield code="7">0</subfield>
    <subfield code="a">22</subfield>
    <subfield code="b">22</subfield>
    <subfield code="d">2016-11-03</subfield>
    <subfield code="l">0</subfield>
    <subfield code="o">HD30.213 J69 2015</subfield>
    <subfield code="p">22 001484</subfield>
    <subfield code="r">2016-11-03</subfield>
    <subfield code="t">1</subfield>
    <subfield code="w">2016-11-03</subfield>
    <subfield code="y">LB</subfield>
  </datafield>
  <datafield tag="952" ind1=" " ind2=" ">
    <subfield code="0">0</subfield>
    <subfield code="1">0</subfield>
    <subfield code="4">0</subfield>
    <subfield code="7">0</subfield>
    <subfield code="a">21</subfield>
    <subfield code="b">21</subfield>
    <subfield code="d">2016-11-09</subfield>
    <subfield code="l">4</subfield>
    <subfield code="o">HD30.213 J69 2015</subfield>
    <subfield code="p">21 003405</subfield>
    <subfield code="r">2018-08-25</subfield>
    <subfield code="s">2018-08-25</subfield>
    <subfield code="t">1</subfield>
    <subfield code="w">2016-11-09</subfield>
    <subfield code="y">LB</subfield>
  </datafield>
  <datafield tag="952" ind1=" " ind2=" ">
    <subfield code="0">0</subfield>
    <subfield code="1">0</subfield>
    <subfield code="4">0</subfield>
    <subfield code="7">0</subfield>
    <subfield code="a">22</subfield>
    <subfield code="b">22</subfield>
    <subfield code="d">2017-01-20</subfield>
    <subfield code="l">2</subfield>
    <subfield code="o">HD30.213 J69 2015</subfield>
    <subfield code="p">17 002459</subfield>
    <subfield code="r">2018-03-23</subfield>
    <subfield code="s">2018-03-20</subfield>
    <subfield code="t">1</subfield>
    <subfield code="w">2017-01-20</subfield>
    <subfield code="y">LB</subfield>
  </datafield>
  <datafield tag="952" ind1=" " ind2=" ">
    <subfield code="0">0</subfield>
    <subfield code="1">0</subfield>
    <subfield code="4">0</subfield>
    <subfield code="7">0</subfield>
    <subfield code="a">15</subfield>
    <subfield code="b">15</subfield>
    <subfield code="d">2017-01-20</subfield>
    <subfield code="l">0</subfield>
    <subfield code="o">658.403 J88s 2015</subfield>
    <subfield code="p">15 007516</subfield>
    <subfield code="r">2017-12-07</subfield>
    <subfield code="t">1</subfield>
    <subfield code="w">2017-01-20</subfield>
    <subfield code="y">LB</subfield>
  </datafield>
  <datafield tag="952" ind1=" " ind2=" ">
    <subfield code="0">0</subfield>
    <subfield code="1">0</subfield>
    <subfield code="4">0</subfield>
    <subfield code="7">0</subfield>
    <subfield code="a">12</subfield>
    <subfield code="b">12</subfield>
    <subfield code="d">2018-04-19</subfield>
    <subfield code="l">0</subfield>
    <subfield code="o">HD30.213 J69</subfield>
    <subfield code="p">12 004404</subfield>
    <subfield code="r">2018-04-19</subfield>
    <subfield code="t">1</subfield>
    <subfield code="w">2018-04-19</subfield>
    <subfield code="y">LB</subfield>
  </datafield>
  <datafield tag="952" ind1=" " ind2=" ">
    <subfield code="0">0</subfield>
    <subfield code="1">0</subfield>
    <subfield code="2">lcc</subfield>
    <subfield code="4">0</subfield>
    <subfield code="7">0</subfield>
    <subfield code="a">09</subfield>
    <subfield code="b">09</subfield>
    <subfield code="d">2018-10-02</subfield>
    <subfield code="l">0</subfield>
    <subfield code="o">HD30.213 J69</subfield>
    <subfield code="p">09 005236</subfield>
    <subfield code="r">2018-10-02</subfield>
    <subfield code="t">1</subfield>
    <subfield code="w">2018-10-02</subfield>
    <subfield code="y">LB</subfield>
  </datafield>
  <datafield tag="952" ind1=" " ind2=" ">
    <subfield code="0">0</subfield>
    <subfield code="1">0</subfield>
    <subfield code="4">0</subfield>
    <subfield code="7">0</subfield>
    <subfield code="a">08</subfield>
    <subfield code="b">08</subfield>
    <subfield code="d">2018-11-07</subfield>
    <subfield code="l">2</subfield>
    <subfield code="o">HD30.213 J69</subfield>
    <subfield code="p">08 006823</subfield>
    <subfield code="r">2019-10-18</subfield>
    <subfield code="s">2019-10-18</subfield>
    <subfield code="t">1</subfield>
    <subfield code="w">2018-11-07</subfield>
    <subfield code="y">LB</subfield>
  </datafield>
  <datafield tag="952" ind1=" " ind2=" ">
    <subfield code="0">0</subfield>
    <subfield code="1">0</subfield>
    <subfield code="4">0</subfield>
    <subfield code="7">0</subfield>
    <subfield code="a">12</subfield>
    <subfield code="b">12</subfield>
    <subfield code="d">2019-02-26</subfield>
    <subfield code="l">0</subfield>
    <subfield code="o">HD30.213 J69</subfield>
    <subfield code="p">12 004629</subfield>
    <subfield code="r">2019-02-26</subfield>
    <subfield code="t">2</subfield>
    <subfield code="w">2019-02-26</subfield>
    <subfield code="y">LB</subfield>
  </datafield>
  <datafield tag="999" ind1=" " ind2=" ">
    <subfield code="c">101218</subfield>
    <subfield code="d">101218</subfield>
  </datafield>
  <controlfield tag="005">20231102152005.0</controlfield>
  <controlfield tag="008">161022s2015    mx ||||fr|||| 00| 0 spa d</controlfield>
  <datafield tag="020" ind1=" " ind2=" ">
    <subfield code="a">9786076222249</subfield>
  </datafield>
  <datafield tag="050" ind1="0" ind2="4">
    <subfield code="a">HD30.213</subfield>
    <subfield code="b">J69</subfield>
  </datafield>
  <datafield tag="100" ind1="1" ind2=" ">
    <subfield code="a">Joyanes Aguilar, Luis</subfield>
    <subfield code="e">autor</subfield>
  </datafield>
  <datafield tag="245" ind1="1" ind2="0">
    <subfield code="a">Sistemas de informaci&#xF3;n en la empresa</subfield>
    <subfield code="b"> : el impacto de la nube, la movilidad y los medios sociales</subfield>
    <subfield code="c"> / Luis Joyanes Aguilar</subfield>
  </datafield>
  <datafield tag="260" ind1="3" ind2=" ">
    <subfield code="a">M&#xE9;xico</subfield>
    <subfield code="b">: Alfaomega</subfield>
    <subfield code="c">, 2015</subfield>
  </datafield>
  <datafield tag="300" ind1=" " ind2=" ">
    <subfield code="a">xxv, 564 p&#xE1;ginas</subfield>
    <subfield code="b">: ilustraciones</subfield>
  </datafield>
  <datafield tag="504" ind1=" " ind2=" ">
    <subfield code="a">Incluye: Bibliograf&#xED;a (pp. 559-564)</subfield>
  </datafield>
  <datafield tag="505" ind1=" " ind2=" ">
    <subfield code="a">Fundamentos de los sistemas de informaci&#xF3;n
Los sistemas de informaci&#xF3;n en los negocios
Tendencias e innovaciones tecnol&#xF3;gicas y sociales en sistemas de informaci&#xF3;n
Infraestructuras de tecnolog&#xED;as de informaci&#xF3;n y plataformas tecnol&#xF3;gicas de la d&#xE9;cada
Tecnolog&#xED;as m&#xF3;viles: el camino a la ubicuidad
Web. 2.0 y los medios sociales: social media
Cloud computing: arquitectura y servicios 
Big Data
Gesti&#xF3;n de los datos y de la informaci&#xF3;n: bases de datos y data warehoueses
NoSQL y en-memoria (in-memory)/Hadoop
Gesti&#xF3;n del conocimiento y herramientas colaborativas
Anal&#xED;tica Web
Anal&#xED;tica social
Modelos de sistemas de informaci&#xF3;n de la empresa: ERP, CRM, SCM
Seguridad y ciberseguridad de los sistemas de informaci&#xF3;n &#xC9;tica, privacidad y responsabilidad social de la empresa</subfield>
  </datafield>
  <datafield tag="519" ind1=" " ind2=" ">
    <subfield code="a">Educaci&#xF3;n Mixta / </subfield>
    <subfield code="b">Contadur&#xED;a / </subfield>
    <subfield code="c">Sistemas de Informaci&#xF3;n (M08-1)  / </subfield>
    <subfield code="d">(18 003878)</subfield>
  </datafield>
  <datafield tag="519" ind1=" " ind2=" ">
    <subfield code="a">Plan Flexible / </subfield>
    <subfield code="b">Maestr&#xED;a en Administraci&#xF3;n de Negocios / </subfield>
    <subfield code="c">Sistemas de Informaci&#xF3;n Directiva (M03-1) /</subfield>
    <subfield code="d">(22 001484) </subfield>
  </datafield>
  <datafield tag="519" ind1=" " ind2=" ">
    <subfield code="a">Plan Flexible / </subfield>
    <subfield code="b">Maestr&#xED;a en Administraci&#xF3;n de Negocios / </subfield>
    <subfield code="c">Sistemas de Informaci&#xF3;n Directiva (M03-2) /</subfield>
    <subfield code="d">(21 003405)</subfield>
  </datafield>
  <datafield tag="519" ind1=" " ind2=" ">
    <subfield code="a">Plan Flexible / </subfield>
    <subfield code="b">Maestr&#xED;a en Administraci&#xF3;n de Negocios / </subfield>
    <subfield code="c">Sistemas de Informaci&#xF3;n Directiva (M03-1) /</subfield>
    <subfield code="d">(17 002454)</subfield>
  </datafield>
  <datafield tag="519" ind1=" " ind2=" ">
    <subfield code="a">Plan Flexible / </subfield>
    <subfield code="b">Tecnolog&#xED;as de la Informaci&#xF3;n / </subfield>
    <subfield code="c">Direcci&#xF3;n de empresas de base tecnol&#xF3;gica (B20-2) / </subfield>
    <subfield code="d">(17 004404)</subfield>
  </datafield>
  <datafield tag="519" ind1=" " ind2=" ">
    <subfield code="a">Material Complementario /</subfield>
    <subfield code="b">Inform&#xE1;tica /</subfield>
    <subfield code="d">(09 005236)</subfield>
  </datafield>
  <datafield tag="519" ind1=" " ind2=" ">
    <subfield code="a">Material Complementario /</subfield>
    <subfield code="b">Inform&#xE1;tica /</subfield>
    <subfield code="d">(08 006823)</subfield>
  </datafield>
  <datafield tag="519" ind1=" " ind2=" ">
    <subfield code="a">Material Complementario /</subfield>
    <subfield code="b">Maestr&#xED;a en Administraci&#xF3;n </subfield>
    <subfield code="d">(12 004629)</subfield>
  </datafield>
  <datafield tag="650" ind1="1" ind2="4">
    <subfield code="a">SISTEMAS DE INFORMACI&#xD3;N EN ADMINISTRACI&#xD3;N</subfield>
  </datafield>
  <datafield tag="942" ind1=" " ind2=" ">
    <subfield code="c">LB</subfield>
  </datafield>
</record>
